Statistiques concernant Culture Générale - Série 1295

Cliquez ici pour prendre le quiz!

Statistiques générales

  • Ce quiz a été pris 41 fois
    (17 depuis la dernière actualisation)
  • Le résultat moyen est 5 sur 10

Statistiques - réponses

QuestionRéponse% Correct
Quel personnage de la mythologie grecque est tombé amoureux de son reflet ?Narcisse
88%
Quel philosophe et écrivain français est marié à Arielle Dombasle ?Bernard-Henri Lévy
82%
Quel mouvement artistique révolutionnaire du début du XXe siècle Picasso et George Braque ont-ils développé ?cubisme
71%
Dans Ne me quitte pas, que Jacques Brel voudrait-il offrir ?des perles de pluie
65%
Quel peintre français est connu pour ses tableaux et sculptures de danseuses ?Edgar Degas
59%
Quel nom donne-t-on au type de chapeau que portait Maurice Chevalier ?canotier
53%
Quel nom donne-t-on à un poème de 14 vers constitué de deux quatrains et deux tercets ?sonnet
47%
Comment s'appelle le robot rouge de Télémaque, dans le dessin animé Ulysse 31 ?Nono
35%
Quel port figure sur le tableau de Monet Impression, soleil levant ?Le Havre
35%
Comment s'appelle le présentateur de Groland.con ?Jules-Édouard Moustic
6%

Distribution des résultats

Percentile par nombre de réponses

% des personnes avec chaque résultat

Votre développement - résultats

Vous n’avez pas pris ce quiz depuis la dernière actualisation